Race, rape, and lynching (Record no. 51812)
[ view plain ]
| 000 -LEADER | |
|---|---|
| fixed length control field | 01559nam a2200385Ia 4500 |
| 082 04 - DEWEY DECIMAL CLASSIFICATION NUMBER | |
| Classification number | 810.9/3520396073 |
| 100 1# - MAIN ENTRY--AUTHOR NAME | |
| Personal name | Gunning, Sandra. |
| 245 10 - TITLE STATEMENT | |
| Title | Race, rape, and lynching |
| 260 ## - PUBLICATION, DISTRIBUTION, ETC. (IMPRINT) | |
| Place of publication | New York : |
| Name of publisher | Oxford University Press, |
| Year of publication | 1996. |
| 300 ## - PHYSICAL DESCRIPTION | |
| Number of Pages | x, 195 p. |
| 490 1# - SERIES STATEMENT | |
| Series statement | Race and American culture |
| 650 #0 - SUBJECT ADDED ENTRY--TOPICAL TERM | |
| Topical Term | American literature |
| Topical Term | American literature |
| Topical Term | African Americans in literature. |
| Topical Term | Violence in literature. |
| Topical Term | Lynching in literature. |
| Topical Term | Rape in literature. |
| Topical Term | Race in literature. |
| 856 40 - ELECTRONIC LOCATION AND ACCESS | |
| Uniform Resource Identifier | http://site.ebrary.com/lib/rucke/Doc?id=10087310 |
No items available.
